000 00619nam a2200193Ia 4500
003 GCL
008 140319s9999 xx 000 0 ara d
040 _aGCL /
_cGCL
082 0 4 _a377.1
_bم ت
100 1 _aمقداد يالجن
245 1 0 _aالتربية الاخلاقية الاسلامية /
_cمقداد يالجن
300 _a725 ص
490 _aموسوعة الاخلاق الاسلامي
_v0
650 0 4 _aالفلسفة الاسلامية
650 0 4 _aالفلاسفة المسلمون
650 0 4 _aالفلاسفة العرب
650 0 4 _aالتربية الاسلامية
942 _2ddc
_cBK
999 _c47750
_d47750